Panfleto antiseparatista en defensa de España / Antonio Zugazagoitia y Frias
Descripción Física:
135 p. ; 19 cm
MARC
| LEADER | 00000nam a2200000Ia 4500 | ||
|---|---|---|---|
| 001 | 626 | ||
| 008 | 160829s1932 xx 000 0 cat d | ||
| 080 | |a M-2-319 | ||
| 100 | |a Zugazagoitia y Frias, Antonio |9 32530 | ||
| 245 | |a Panfleto antiseparatista en defensa de España / Antonio Zugazagoitia y Frias | ||
| 260 | |a Madrid : |b Compañia Gral. de Artes Gráficas, |c 1932 | ||
| 300 | |a 135 p. ; |c 19 cm | ||
| 590 | |a A la coberta, Vox Populi | ||
| 650 | |a Espanya |x Història |x 1931/1939, Segona República |9 32531 | ||
| 650 | |a Nacionalisme |x Espanya |9 44296 | ||
| 901 | |a Arxiu | ||
| 942 | |n 1 | ||
| 952 | |0 0 |1 0 |4 0 |6 M2319 |7 1 |9 46022 |a Arxiu |b Arxiu |d 2016-12-01 |l 0 |o M-2-319 |p 626 |r 2016-12-01 00:00:00 |w 2016-12-01 |y ARXIU | ||
| 999 | |c 49523 |d 49523 | ||